| 000 | 00675nam a22002057a 4500 | ||
|---|---|---|---|
| 999 |
_c192005 _d192005 |
||
| 005 | 20220908154619.0 | ||
| 010 | _aENG-134982 | ||
| 020 |
_a9789387871120 _c150.00 |
||
| 035 | _aEN-118514 | ||
| 037 | _bDBAD/PUB | ||
| 082 | _a621.395 | ||
| 100 | _aDhanaselvam, P. Suveetha | ||
| 245 |
_aVlsi Design/ _cP. Suveetha Dhanaselvam, A. Babu Karupplah and R. Rajaraja |
||
| 260 |
_aTamil Nadu _bShanlax Publications _c2018 |
||
| 270 |
_a61, 66 T.P.K. Main Road, Vasantha Nagar _bMadurai _e625003 _mpublisher@shanlaxpublications.com |
||
| 300 |
_a99p. _c22cm(pbk) |
||
| 700 | _aKaruppiah, A. Babu | ||
| 700 | _aRajaraja, R. | ||
| 942 |
_2ddc _cEN _h621.395 _mDHA |
||